| 000 | 00713nam a22002657a 4500 | ||
|---|---|---|---|
| 001 | 0000761 | ||
| 003 | KOHA_MİRAKIL | ||
| 005 | 20260207001219.0 | ||
| 007 | ta | ||
| 008 | 081212b1984 tu |||gr||||#||||0|tur | | ||
| 020 | _cYTL6,69 | ||
| 040 |
_aTR-BiSEU _btur _cTR-BiSEU _erda |
||
| 041 | 0 | _atur | |
| 044 | _ctu | ||
| 050 |
_aTK7867 _b.B37 1984 |
||
| 100 | 1 | _aBarkana, Atalay. | |
| 245 | 1 |
_aElektronik devreler/ _cAtalay Barkana ; Atalay Barkana. |
|
| 264 | 1 |
_a[y.y.] : _bBilim Teknik Yayınları _c1984 |
|
| 300 | _a162 sayfa | ||
| 336 |
_ametin _btxt _2rdacontent |
||
| 337 |
_aaracısız _bn _2rdamedia |
||
| 338 |
_acilt _bnc _2rdacarrier |
||
| 650 | 0 |
_aElektronik Devreler. _93205 |
|
| 942 |
_2lcc _cBK |
||
| 999 |
_c759 _d759 |
||